Bakugan Season 1 - Statistics

General Stats
  • This quiz has been taken 181 times
  • The average score is 19 of 54
Answer Stats
Answer % Correct
Dragonoid
92%
Tigrerra
71%
Hydranoid
67%
Preyas
65%
Gorem
63%
Skyress
62%
Siege
51%
Reaper
50%
Naga
49%
Cycloid
46%
Sirenoid
46%
Saurus
44%
Centipoid
42%
Juggernoid
42%
Fortress
41%
Ravenoid
41%
Serpenoid
41%
Laserman
39%
Falconeer
38%
Fear Ripper
38%
Tentaclear
38%
Griffon
35%
Stinglash
35%
Mantris
32%
Monarus
31%
Apollonir
30%
El condor
30%
Terrorclaw
30%
Wavern
29%
Bee Striker
28%
Gargonoid
28%
Manion
28%
Wormquake
28%
Alpha Hydranoid
27%
Dual Hydranoid
27%
Hynoid
27%
Preyas (Angelo)
27%
Preyas (Diablo)
27%
Storm Skyress
27%
Blade Tigrerra
26%
Frosch
25%
Tuskor
25%
Hammer Gorem
24%
Clayf
23%
Exedra
23%
Lars Lion
23%
Oberus
23%
Limulus
22%
Rattleoid
22%
Warius
21%
Robotallian
19%
Ultimate Dragonoid
17%
Harpas
13%
Delta Dragonoid II
11%
No matching quizzes found
Score Distribution
Percent of People with Each Score
Percentile by Number Answered
Your Score History
You have not taken this quiz